Culture Générale - Série 2628 - Statistiques

Statistiques générales
  • Ce quiz a été pris 99 fois
  • Le résultat moyen est 4 sur 10
Statistiques - réponses
Question Réponse % Correct
Quelle est la langue officielle du Cap-Vert ? portugais
75%
Quelle est la capitale de l'état du Texas ? Austin
55%
Dans le sigle OQTF, que signifie le "O" ? obligation
55%
Quel était le nom du cheval d'Alexandre le Grand ? Bucéphale
37%
Ce mot désigne un oiseau,un petit fouet, une commune de Vendée ? martinet
34%
De quel pays Luis Alberto Arce Catacora, parfois surnommé Lucho Arce est-il le Président de la République depuis 2020 ? Bolivie
33%
Dans la série télévisée des années 1960 Daktari, comment s'appelle le lion qui louche ? Clarence
22%
Quel pays , autrefois sous protectorat britannique, était appelé Bechuanaland ? Botswana
15%
Qui a écrit "La bicyclette bleue" en 1981 ? prénom et nom Régine Deforges
15%
De quel pays l'Essequibo est-il le plus long fleuve ? Guyana
12%
Aucun quiz correspondant
Distribution des résultats
% des personnes avec chaque résultat
Percentile par nombre de réponses
Votre historique - résultats
Vous n’avez pas pris ce quiz